Catálogo
 En Linea

Guía de desarrollo familiar : contruyendo valores para un mundo mejor. (Registro nro. 33599)

Detalles MARC
000 -CABECERA
campo de control de longitud fija 00312nam a2200109 a 4500
005 - FECHA Y HORA DE LA ÚLTIMA TRANSACCIÓN
campo de control 20200930070800.0
008 - DATOS DE LONGITUD FIJA--INFORMACIÓN GENERAL
campo de control de longitud fija 110923s2005 000 spa d
020 ## - NÚMERO INTERNACIONAL ESTÁNDAR DEL LIBRO
Número Internacional Estándar del Libro 997477750x
040 ## - FUENTE DE LA CATALOGACIÓN
Centro catalogador/agencia de origen DO-SdBNP
245 #0 - MENCIÓN DE TÍTULO
Título Guía de desarrollo familiar : contruyendo valores para un mundo mejor.
260 ## - PUBLICACIÓN, DISTRIBUCIÓN, ETC.
Lugar de publicación, distribución, etc. Montevideo,
Fecha de publicación, distribución, etc. 2005.

No hay ítems disponibles.

Con tecnología Koha